| 000 | 01948njm a2200385Ia 4500 | ||
|---|---|---|---|
| 001 | 97062 | ||
| 003 | IT-RoPAU | ||
| 005 | 20220918181217.0 | ||
| 008 | 131025s9999 xx 000 0 und d | ||
| 040 | _aIT-RoPAU | ||
| 040 | _cIT-RoPAU | ||
| 999 |
_c104058 _d104058 |
||
| 999 | _bn.d. | ||
| 100 |
_aAA.VV. _9794 |
||
| 100 |
_eAutore musica _927504 |
||
| 100 |
_gCodice autore musica SPICS: 12000 _9796 |
||
| 245 | _aMusiche celebri | ||
| 250 | _a1a ed. | ||
| 260 | _aITALIA | ||
| 260 | _bHIT RECORDS | ||
| 300 | _aDISCO | ||
| 500 | _aMusica classica. Musica per archi di vario genere religioso sinfonico | ||
| 505 | _aMarcia pontificia - Sogno - Ave Maria - Marcia nuziale - Invocazione - Il cigno - Adagio per archi - Largo - Ave Maria - Marcia nuziale - Adagio cantabile - Ave Maria - Marcia turca | ||
| 511 | _aOrchestra D'Archi S. Paolo diretta da Vannuzzi Valerio | ||
| 650 |
_aMUSICA X ARCHI [DISCHI] _eCodice MATERIA SPICS: 9950 _927505 |
||
| 700 |
_aGounod Charles _dCodice autore musica SPICS: 10670 _eAutore musica _pMarcia pontificia - Ave Maria - Marcia nuziale _927506 |
||
| 700 |
_aHandel Georg Friedrich _dCodice autore musica SPICS: 5619 _eAutore musica _pSogno - Largo _927507 |
||
| 700 |
_aMendelssohn Felix _dCodice autore musica SPICS: 3873 _eAutore musica _pMarcia nuziale _927508 |
||
| 700 |
_aVannuzzi Valerio _dCodice autore musica SPICS: 13840 _eAutore musica _pInvocazione - Adagio per archi _927509 |
||
| 700 |
_aSaint-Saens Camille _dCodice autore musica SPICS: 10689 _eAutore musica _pIl cigno _927510 |
||
| 700 |
_aSchubert Franz _dCodice autore musica SPICS: 10690 _eAutore musica _pAve Maria _927511 |
||
| 700 |
_aBeethoven Ludwig Van _dCodice autore musica SPICS: 10721 _eAutore musica _pAdagio cantabile _927512 |
||
| 700 |
_aArcadelt Jacob _dCodice autore musica SPICS: 33610 _eAutore musica _pAve Maria _927513 |
||
| 700 |
_aMozart Wolfgang Amadeus _dCodice autore musica SPICS: 3486 _eAutore musica _pMarcia turca _927514 |
||
| 942 |
_cMD _2ddc |
||